000 00600nam a2200193 i 4500
001 bgj
100 1 _aGERARD-SHARP, Lisa
245 1 0 _aIdeas and Issues /
_cLisa Gerard-Sharp.
260 _aLondon :
_bChancerel Publishers Ltd.,
_ccop.1994.
300 _a80 pp. :
_bphotos, ill. ;
_c29 cm.
650 9 _aSpeaking
_xSpeaking upper-intermediate
_xSpeaking advanced
650 9 _aSpeaking strategies
_xUpper-intermediate speaking
_xAdvanced speaking
020 _a0905703928
040 _cBPK
041 0 _aeng
920 _a0-905703-92-8
942 _cKS
008 s uk f |000 0 eng
999 _c48454
_d48454
856 _uhttp://koha.tu.koszalin.pl/cgi-bin/koha/opac-detail.pl?biblionumber=48454
_yKatalog online BPK